Communication Management. (Record no. 2416)
[ view plain ]
| 005 - DATE AND TIME OF LATEST TRANSACTION | |
|---|---|
| control field | 20250516140114.0 |
| 020 ## - INTERNATIONAL STANDARD BOOK NUMBER | |
| International Standard Book Number | 978-81-261-5890-4 |
| 082 ## - DEWEY DECIMAL CLASSIFICATION NUMBER | |
| Classification number | 658.45 SIN |
| 100 ## - MAIN ENTRY--PERSONAL NAME | |
| Author name | SINGH, S.D. |
| 245 ## - TITLE STATEMENT | |
| Title | Communication Management. |
| 260 ## - PUBLICATION, DISTRIBUTION, ETC. | |
| Place of publication, distribution, etc. | New Delhi, |
| Name of publisher, distributor, etc. | Anmol LTD, |
| Date of publication, distribution, etc. | 2014. |
| 300 ## - PHYSICAL DESCRIPTION | |
| Extent | vii, 296p.: |
| Other physical details | Bibliography & Index |
| Dimensions | 24cm |
| 856 ## - ELECTRONIC LOCATION AND ACCESS | |
| Link text | Access Online Book |
| Electronic name | Communication |
| Path | www.anmolpublications.com |
| 942 ## - ADDED ENTRY ELEMENTS (KOHA) | |
| Source of classification or shelving scheme | Dewey Decimal Classification |
| Koha item type | Books |
| Date last seen | Total checkouts | Full call number | Barcode | Cost, replacement price | Price effective from | Koha item type | Lost status | Source of classification or shelving scheme | Damaged status | Not for loan | Withdrawn status | Home library | Current library | Shelving location | Date acquired | Cost, normal purchase price |
|---|---|---|---|---|---|---|---|---|---|---|---|---|---|---|---|---|
| 05/16/2025 | 658.45 SIN | 0000009080 | 387000.00 | 05/16/2025 | Books | Dewey Decimal Classification | College of Business Education Main Library | College of Business Education Main Library | General Collection | 10/27/2017 | 129000.00 | |||||
| 05/16/2025 | 658.45 SIN | 0000009081 | 387000.00 | 05/16/2025 | Books | Dewey Decimal Classification | College of Business Education Main Library | College of Business Education Main Library | General Collection | 10/27/2017 | 129000.00 | |||||
| 05/16/2025 | 658.45 SIN | 0000009082 | 387000.00 | 05/16/2025 | Books | Dewey Decimal Classification | College of Business Education Main Library | College of Business Education Main Library | General Collection | 10/27/2017 | 129000.00 | |||||
| 05/16/2025 | 658.45 SIN | 0000009083 | 387000.00 | 05/16/2025 | Books | Dewey Decimal Classification | College of Business Education Main Library | College of Business Education Main Library | General Collection | 10/27/2017 | 129000.00 | |||||
| 06/02/2025 | 658.45 SIN | 00000010672 | 387000.00 | 06/02/2025 | Books | Dewey Decimal Classification | College of Business Education Main Library | College of Business Education Main Library | Special Reserve Collection | 10/27/2017 | 129000.00 |
